Ethics Integrity & Aptitude Civil Service Examination (Record no. 176293)

MARC details
000 -LEADER
fixed length control field 00396nam a22001697a 4500
005 - DATE AND TIME OF LATEST TRANSACTION
control field 20251003145723.0
020 ## - INTERNATIONAL STANDARD BOOK NUMBER
ISBN 978-93-695-8074-3
041 ## - LANGUAGE CODE
Language code of text/sound track or separate title English
082 ## - DEWEY DECIMAL CLASSIFICATION NUMBER
Classification number 001 R25 CHA
100 ## - MAIN ENTRY--AUTHOR NAME
Personal name Chaudhary Ashish
245 ## - TITLE STATEMENT
Title Ethics Integrity & Aptitude Civil Service Examination
250 ## - EDITION STATEMENT
Edition statement 1
260 ## - PUBLICATION, DISTRIBUTION, ETC. (IMPRINT)
Place of publication New Delhi
Name of publisher S.Chand
Year of publication 2025
300 ## - PHYSICAL DESCRIPTION
Number of Pages 176
365 ## - TRADE PRICE
Price amount 350.00
942 ## - ADDED ENTRY ELEMENTS (KOHA)
Koha item type Books
Holdings
Withdrawn status Lost status Home library Current library Shelving location Date acquired Cost, normal purchase price Full call number Accession Number Cost, replacement price Department Koha item type
    PSG-CAS LIBRARY PSG-CAS LIBRARY Compitive Exam Study Centre 03/10/2025 350.00 001 R25 CHA 152195 350.00 Competitive Exams Books

Contact Us:

PSGCAS LIBRARY
Phone: 04224303300
Website: http://www.psgcas.ac.in/ | Email: psgcaslib@gmail.com


You are Visitor Number

web counter